000 03219nam a2200337 a 4500
001
003 DO-SdBNP
005 20240220082920.0
008 090629s2007 dr c r 000 0 spa d
020 _a9789945161335
040 _aDO-SdBNP
_bspa
_cBPMSU
082 _a972.9304
_bE59s, 2007
_222
245 0 0 _aEnsayos sobre la guerra restauradora /
_ceditor Juan Daniel Balcácer ; presentación José Chez Checo ;.
250 _a2a ed. corr. y ampl.
260 _aSanto Domingo :
_bComisión Permanente de Efemérides Patrias,
_c2007.
300 _a370 p. :
_bretr ;
_c23 cm.
490 0 _aPublicaciones de la Comisión Permanente de Efemérides Patrias 2004-2007
_v23
490 0 _aAcademia Dominicana de la Historia
_v77
500 _aIncluye datos biográficos de ensayistas domicanos: p. 363-368.
504 _aIncluye referencias bibliográficas y notas al pie de las páginas.
505 0 _tPresentación /
_rJosé Chez Checo --
_tPalabras del rector magnífico de la Universidad Autónoma de Santo Domingo /
_rRoberto Reyna --
_tAntecedentes históricos y sociológicos de la Anexión de España /
_rManuel A. Peña Batle --
_tExamen crítico de la anexión de Santo Domingo a España /
_rAlejandro Angulo Guridi --
_tCapotillo y la Restauración /
_rAlcides García Lluberes /
_tEl día histórico /
_rAlcides García Lluberes --
_tLa batalla del 6 de septiembre de 1863 /
_rCésar Herrera --
_gCentenario de la Restauración --
_tLey 3, que declara el año de 1963, año de centenario de la restauración nacional --
_tPrograma de actividades del centenario de la Restauración ;
_tHomilía de Monseñor Hugo E. Polanco Brito, en el centenario de la Restauración ;
_tDiscurso del presidente Juan Bosch, en el centenario de la Restauración ;
_tElogio del gobierno de la Restauración /
_rEmilio Rodríguez Demorizi --
_tLa Restauración y sus enlaces con la historia de occiente /
_rPedro Troncoso Sánchez --
_tPerfil nacionalista de Gregorio Luperón /
_rHugo Tolentino Dipp --
_tAnexión y guerra restauradora /
_rJuan Daniel Balcácer,
_rManuel García Arévalo --
_tReflexiones sobre la Guerra de la Restauración /
_rFrancisco Antonio Avelino --
_tAnexión, restauración e iglesia, 1860-1865 /
_rAntonio Lluberes --
_tCaracterísticas de la Guerra de la Restauración, 1863-1865 /
_rEmilio Cordel Michel --
_tNotas sobre la participación haitiana en la guerra restauradora /
_rRicardo Hernández --
_tApéndices --
_tActa de Independencia, Santiago, 14 de septiembre de 1863 --
_tAdiciones y firmas en Luperón, notas autobiográficas --
_tExposición a S. M. la Reina de España --
_tExposición al gobierno de Inglaterra --
_tRamón Mella, a sus conciudadanos ;
_tConvenio de El Carmelo ;
_tComentarios editoriales Convenio de El Carmelo ;
_tDatos biográficos de los ensayistas
590 _aInventariado, 2022/VM
650 4 _aEnsayos dominicanos
651 4 _aRepública Dominicana
_xHistoria
_yRestauración, 1863-1865
651 4 _aRepública Dominicana
_xAnexión a España,
_y 1861-1863
700 1 _aBalcácer, Juan Daniel,
_eed.
700 1 _aChez Checo, José,
_d1949-
710 2 _aComisión Permanente de Efemérides Patria (República Dominicana )
910 _a VMateo V.Control de calidad. BPMSU
942 _2ddc
_cBK
999 _c13950
_d13950